The state of freedom of information in Kenya. (Record no. 221)
[ view plain ]
| 000 -LEADER | |
|---|---|
| fixed length control field | 01324cam a2200337 a 4500 |
| 001 - CONTROL NUMBER | |
| control field | 12998765 |
| 003 - CONTROL NUMBER IDENTIFIER | |
| control field | OSt |
| 005 - DATE AND TIME OF LATEST TRANSACTION | |
| control field | 20230605091738.0 |
| 008 - FIXED-LENGTH DATA ELEMENTS--GENERAL INFORMATION | |
| fixed length control field | 020830s2002 ke b 000 0 eng |
| 010 ## - LIBRARY OF CONGRESS CONTROL NUMBER | |
| LC control number | 2002375037 |
| 035 ## - SYSTEM CONTROL NUMBER | |
| System control number | (DLC) 2002375037 |
| 040 ## - CATALOGING SOURCE | |
| Original cataloging agency | DLC |
| Transcribing agency | DLC |
| Modifying agency | DLC |
| 042 ## - AUTHENTICATION CODE | |
| Authentication code | lcode |
| 043 ## - GEOGRAPHIC AREA CODE | |
| Geographic area code | f-ke--- |
| 082 00 - DEWEY DECIMAL CLASSIFICATION NUMBER | |
| Classification number | 320.96762 |
| Edition number | ICJ |
| 100 1# - MAIN ENTRY--PERSONAL NAME | |
| Personal name | Ngondi-Houghton, Connie. |
| 245 14 - TITLE STATEMENT | |
| Title | The state of freedom of information in Kenya. |
| 260 ## - PUBLICATION, DISTRIBUTION, ETC. (IMPRINT) | |
| Place of publication, distribution, etc. | Nairobi : |
| Name of publisher, distributor, etc. | International Commission of Jurists, Kenya Section, |
| Date of publication, distribution, etc. | [2002] |
| 300 ## - PHYSICAL DESCRIPTION | |
| Extent | 117p |
| Dimensions | 30 cm. |
| 504 ## - BIBLIOGRAPHY, ETC. NOTE | |
| Bibliography, etc | Includes bibliographical references. |
| 505 0# - FORMATTED CONTENTS NOTE | |
| Formatted contents note | bk. 1. The state of freedom of information in Kenya / researched and compiled by Connie Ngondi-Houghton and Gichinga Ndirangu ; edited by Njonjo Mue -- bk. 2. A comparative study on freedom of information from other jurisdictions / researched and compiled by J. Wanjiru Muigai. |
| 650 #0 - SUBJECT ADDED ENTRY--TOPICAL TERM | |
| Topical term or geographic name as entry element | Freedom of information |
| Geographic subdivision | Kenya. |
| 650 #0 - SUBJECT ADDED ENTRY--TOPICAL TERM | |
| Topical term or geographic name as entry element | Government information |
| Geographic subdivision | Kenya. |
| 700 1# - ADDED ENTRY--PERSONAL NAME | |
| Personal name | Ndirangu, Gichinga. |
| 700 1# - ADDED ENTRY--PERSONAL NAME | |
| Personal name | Mue, Njonjo. |
| 700 1# - ADDED ENTRY--PERSONAL NAME | |
| Personal name | Muigai, Wanjiru. |
| 710 2# - ADDED ENTRY--CORPORATE NAME | |
| Corporate name or jurisdiction name as entry element | International Commission of Jurists (1952- ). |
| Subordinate unit | Kenya Section. |
| 906 ## - LOCAL DATA ELEMENT F, LDF (RLIN) | |
| a | 7 |
| b | cbc |
| c | origode |
| d | 2 |
| e | ncip |
| f | 20 |
| g | y-gencatlg |
| 942 ## - ADDED ENTRY ELEMENTS (KOHA) | |
| Source of classification or shelving scheme | Dewey Decimal Classification |
| Koha item type | Books |
| Withdrawn status | Lost status | Source of classification or shelving scheme | Damaged status | Not for loan | Home library | Current library | Date acquired | Total Checkouts | Full call number | Barcode | Date last seen | Price effective from | Koha item type |
|---|---|---|---|---|---|---|---|---|---|---|---|---|---|
| Dewey Decimal Classification | Bunge Tower Library | Bunge Tower Library | 06/05/2023 | 320.96762 | 100017 | 06/05/2023 | 06/05/2023 | Books |
